Critical mass : (Record no. 184678)
[ view plain ]
| 000 -LEADER | |
|---|---|
| fixed length control field | 01023 a2200253 4500 |
| 003 - CONTROL NUMBER IDENTIFIER | |
| control field | Nust |
| 005 - DATE AND TIME OF LATEST TRANSACTION | |
| control field | 20230222102020.0 |
| 010 ## - LIBRARY OF CONGRESS CONTROL NUMBER | |
| LC control number | 93036604 |
| 040 ## - CATALOGING SOURCE | |
| Transcribing agency | Nust |
| 082 00 - DEWEY DECIMAL CLASSIFICATION NUMBER | |
| Classification number | 327.117, BUR |
| 100 1# - MAIN ENTRY--PERSONAL NAME | |
| Personal name | Burrows, William E., |
| 9 (RLIN) | 109428 |
| 245 10 - TITLE STATEMENT | |
| Title | Critical mass : |
| Remainder of title | the dangerous race for superweapons in a fragmenting world / |
| Statement of responsibility, etc. | William E. Burrows & Robert Windrem. |
| 260 ## - PUBLICATION, DISTRIBUTION, ETC. | |
| Place of publication, distribution, etc. | New York : |
| Name of publisher, distributor, etc. | Simon and Schuster, |
| Date of publication, distribution, etc. | c1994. |
| 300 ## - PHYSICAL DESCRIPTION | |
| Extent | 573 p. : |
| Other physical details | ill. ; |
| Dimensions | 25 cm. |
| 505 ## - FORMATTED CONTENTS NOTE | |
| Formatted contents note | The Quilizers (Page-23), Tools Of The Trade (Page-121), Marketing Mayhem (Page-179), Tour De Force (Page-273), Peril And Possibility (Page-439). |
| 650 #0 - SUBJECT ADDED ENTRY--TOPICAL TERM | |
| Topical term or geographic name entry element | Arms race. |
| 9 (RLIN) | 47040 |
| 650 #0 - SUBJECT ADDED ENTRY--TOPICAL TERM | |
| Topical term or geographic name entry element | Biological weapons |
| Geographic subdivision | Developing countries. |
| 9 (RLIN) | 109429 |
| 650 #0 - SUBJECT ADDED ENTRY--TOPICAL TERM | |
| Topical term or geographic name entry element | Chemical weapons |
| Geographic subdivision | Developing countries. |
| 9 (RLIN) | 109430 |
| 650 #0 - SUBJECT ADDED ENTRY--TOPICAL TERM | |
| Topical term or geographic name entry element | Nuclear weapons |
| Geographic subdivision | Developing countries. |
| 9 (RLIN) | 109431 |
| 650 #0 - SUBJECT ADDED ENTRY--TOPICAL TERM | |
| Topical term or geographic name entry element | World politics |
| Chronological subdivision | 1989- |
| 651 #0 - SUBJECT ADDED ENTRY--GEOGRAPHIC NAME | |
| Geographic name | Developing countries |
| General subdivision | Armed Forces |
| -- | Weapons systems. |
| 9 (RLIN) | 109432 |
| 700 1# - ADDED ENTRY--PERSONAL NAME | |
| Personal name | Windrem, Robert. |
| 9 (RLIN) | 109433 |
| 942 ## - ADDED ENTRY ELEMENTS (KOHA) | |
| Source of classification or shelving scheme | |
| Koha item type | Book |
| Withdrawn status | Lost status | Source of classification or shelving scheme | Damaged status | Not for loan | Permanent Location | Current Location | Shelving location | Date acquired | Full call number | Barcode | Date last seen | Price effective from | Koha item type | Public note |
|---|---|---|---|---|---|---|---|---|---|---|---|---|---|---|
| Military College of Signals (MCS) | Military College of Signals (MCS) | General Stacks | 12/12/2016 | 327.117,BUR | MCS2026 | 12/08/2016 | 12/12/2016 | Book | Almirah No.50, Shelf No.1 |
